Name one city that... #16 - Statistics

General Stats
  • This quiz has been taken 65 times
    44 since last reset
  • The average score is 12 of 20
Answer Stats
Name one city that... City % Correct
Is the capital city of one of the countries that has a territorial claim in Antarctica Buenos Aires | Canberra | London | Oslo | Paris | Santiago
100%
Is the second largest city in one of those countries Antofagasta | Bergen | Birmingham | Córdoba | Melbourne | Marseille
94%
Has a metro system and is located in Canada Montreal | Toronto | Vancouver
94%
Is one of the 5 biggest cities in Scotland Aberdeen | Dundee | Glasgow | Edinburgh | Paisley
89%
Is a European capital city and it's (at least partially) west of the Prime Meridian Dublin | Lisbon | London | Madrid | Reykjavik
89%
Is the biggest coastal city in each Nordic country (excluding capitals) Aarhus | Bergen | Gothenburg | Espoo | Kópavogur
81%
Starts with letter 'Y' and has more than a million inhabitants Yangon | Yangzhou | Yantai | Yaoundé | Yekaterinburg | Yerevan | Yinchuan |Yokohama | Yongin
81%
Is one of North Korea's special cities Kaesong | Nampo | Pyongyang | Rason
75%
Has over 200 000 people and its name contains 'aa' (two letters 'a' one after the other) Aachen | Aarhus | Caála | Dar es Salaam | Haarlem | Sanaa | Ulaanbaatar | Vantaa
72%
Is one of the 5 largest cities along the Amazon river Macapá | Manaus | Parintins | Santana | Santarém
72%
Is the capital of one of the governorates of Egypt that the Nile river doesn't go through Alexandria | Arish | El Tor | Faiyum | Hurghada | Ismailia | Kharga | Mersa Matruh | Port Said | Suez | Zagazig
69%
Has a building designed by famed architecht Antoni Gaudí Astorga | Barcelona | Comillas | La Pobla de Lillet | León | Santa Coloma de Cervelló | Sitges
64%
Is the capital of a country referenced in the Hungarian national anthem Ankara | Budapest | Ulaanbaatar
53%
Hosted (or will host soon) the final of the FIFA Women's World Cup. Carson | Décines-Charpieu | Frankfurt | Guangzhou | Pasadena | Shanghai | Solna | Sydney | Vancouver
44%
Is the capital of a country not in the Americas, and the national anthem of that country references Spain Amsterdam | Malabo
39%
Is the seat of a US county named 'Clark' (of which there are 12, with each being in a different state) Arkadelphia | Ashland | Clark | Dubois | Jeffersonville | Kahoka | Marshall | Neillsville | Las Vegas | Springfield | Vancouver | Winchester
28%
Is a capital city from a 10 letters or more country, and both country and capital have the same number of letters in their name Bloemfontein | Luxembourg | Nouakchott | Wellington | Vatican City
28%
Was given to Belgium after World War 1 (only the two main cities in those areas count) Eupen | Malmedy
25%
Is the capital of a first-level subdivision (states, provinces, ...) that has French as an official language, while being in a country that doesn't have French as official nation-wide Aosta | Puducherry | Saint Helier
17%
Has more than 40 000 inhabitants and a Nordic-like cross in its flag, but it's located in a non-Nordic European country Calais | Mikhaylovsk | Pärnu | Pula | Stavropol | Tilburg | Utrechtse Heuvelrug | Ventspils | Zhytomyr
3%
No matching quizzes found
Score Distribution
Percent of People with Each Score
Percentile by Number Answered
Your Score History
You have not taken this quiz since the last reset